Νεοέλληνες αειναύτες

Αποθηκεύτηκε σε:
Λεπτομέρειες βιβλιογραφικής εγγραφής
Κύριος συγγραφέας: Λαιμός, Ανδρέας Γ., 1900-
Μορφή: Βιβλίο
Γλώσσα:Greek
Δημοσίευση: Αθήνα : 1971
Θέματα:
Ετικέτες: Προσθήκη ετικέτας
Δεν υπάρχουν, Καταχωρήστε ετικέτα πρώτοι!

MARC

LEADER 00000nam a2200000 i 4500
001 1/46405
008 961121s1971 gre d
035 |l 10026314 
040 |a GR-MY-UA  |b gre  |e aacr 
041 0 |a gre 
082 0 |a 387.5109499 
100 1 |a Λαιμός, Ανδρέας Γ.,   |d 1900- 
245 1 0 |a Νεοέλληνες αειναύτες /  |c Ανδρέας Γ. Λαιμός 
260 |a Αθήνα :   |c 1971 
300 |a 551 σ. 
500 |a Περιέχει βιβλιογραφία και ευρετήριο 
650 0 0 |a Merchant marine  |z Greece  |z Chios Island. 
852 |a INST  |b CHIOS  |e 19961121  |h 387.5109499 ΛΑΙ  |p 005200010930  |q 005200010930  |t BK  |y 0 
909 |a Χ  |b 016306